| 000 | 00345nam a2200145Ia 4500 | ||
|---|---|---|---|
| 008 | 191201s2007 xx 000 0 und d | ||
| 082 |
_a657 _bHOI |
||
| 100 | _aHORNGREN, C | ||
| 245 | 0 | _aIntroduction to Financial Accounting | |
| 250 | _a2nd | ||
| 260 |
_aN.Delhi _bPearson Education _c2007 |
||
| 300 | _a112 | ||
| 650 | _aMBA | ||
| 942 |
_2ddc _cBK |
||
| 999 |
_c2673 _d2673 |
||